Top 5 grands championnats saison 2022/2023 - Statistiques

Statistiques générales
  • Ce quiz a été pris 494 fois
  • Le résultat moyen est 21 sur 25
Statistiques - réponses
Classement Points Équipe % Correct
1er 85 PSG
100%
1er 89 Manchester City
99%
3ème 73 Marseille
99%
1er 71 Bayern Münich
98%
1er 88 FC Barcelone
98%
2ème 78 Real Madrid
98%
2ème 84 Arsenal
96%
2ème 71 Dortmund
96%
3ème 72 Inter Milan
96%
4ème 70 AC Milan
95%
2ème 84 Lens
95%
5ème 67 Lille
93%
1er 90 Naples
93%
3ème 77 Atlético Madrid
92%
5ème 67 Liverpool
91%
4ème 68 Rennes
85%
4ème 71 Manchester United
83%
2ème 74 Lazio Rome
78%
3ème 66 RB Leipzig
77%
3ème 75 Newcastle
75%
4ème 62 Union Berlin
59%
5ème 64 Atalanta
57%
4ème 71 Real Sociedad
57%
5ème 64 Villarreal
56%
5ème 59 Fribourg
32%
Aucun quiz correspondant
Distribution des résultats
% des personnes avec chaque résultat
Percentile par nombre de réponses
Votre historique - résultats
Vous n’avez pas pris ce quiz